| 000 | 00422cam a2200181ua 4500 | ||
|---|---|---|---|
| 020 | _cRs 5.00 | ||
| 041 |
_ahin _h |
||
| 082 |
_a891.54 _bGUL/PR |
||
| 100 | _aGulabray, . | ||
| 245 | 0 | 0 |
_aPrasadji ki kala / _cGulabray. _hTextual Documents |
| 250 |
_a4 / _b. |
||
| 260 |
_a : _bSahitya Ratn Bhandar , _c1959. |
||
| 300 | _a231 ; . | ||
| 365 | _aRs 5.00 | ||
| 504 | _a | ||
| 942 | _cBK | ||
| 999 |
_c3682 _d3682 |
||